| 000 | 01028cam a2200253 4500 | ||
|---|---|---|---|
| 001 | sa 68014325 | ||
| 003 | DLC | ||
| 005 | 20260227112630.0 | ||
| 008 | 700226s1968 ii b 00000 eng | ||
| 010 | _asa 68014325 | ||
| 025 | _aPL480:I-E-10914 | ||
| 050 | 0 |
_aHD9526.I62 _bA545 |
|
| 082 | _a338.4/7/672 | ||
| 110 | 1 | 0 |
_aIndia (Republic). _bIndian Team on the Marketing Prospects in the United States of America for Selected Indian Steel and Engineering Products. |
| 245 | 0 | 0 | _aReport. |
| 260 | 0 |
_aNew Delhi, _bDirectorate of Commercial Publicity, Ministry of Commerce, Govt. of India _c[1968] |
|
| 300 |
_aiii, 66 p. _bmap. _c25 cm. |
||
| 500 | _aCover title: Marketing prospects in U.S.A. for Indian steel and engineering products, a study report. | ||
| 650 | 0 |
_aSteel industry and trade _zIndia. |
|
| 650 | 0 | _aSteelwork. | |
| 651 | 0 |
_aIndia _xCommerce _zUnited States. |
|
| 651 | 0 |
_aUnited States _xCommerce _zIndia. |
|
| 740 | 1 | _aMarketing prospects in U.S.A. for Indian steel and engineering products, a study report. | |
| 999 |
_c85698 _d85698 |
||